| 000 | 00743nam a2200253 a 4500 | ||
|---|---|---|---|
| 008 | |||
| 020 | _a0877099294 (pbk.) | ||
| 049 | _aMAIN | ||
| 090 |
_aHD31 _bSEG |
||
| 100 | 1 | _aSegev, Eli. | |
| 245 | 1 | 0 |
_aCorporate strategy : _bportfolio models / _cEli Segev. |
| 260 |
_aLondon : _bInternational Thomson, _cc1995. |
||
| 300 |
_axix, 188 p. : _bill. ; _c24 cm. |
||
| 504 | _aIncludes bibliographical references: p. 161-181. | ||
| 500 | _aIncludes index. | ||
| 650 | 0 | _aBusiness planning. | |
| 650 | 0 | _aStrategic planning. | |
| 650 | 0 | _aPortfolio management. | |
| 907 |
_a.b10037226 _b28-11-14 _c17-04-03 |
||
| 003 | |||
| 005 | 20230123133756.0 | ||
| 040 | _cNUST | ||
| 942 |
_cBOOKS _kHD31 _mSEG |
||
| 999 |
_c154412 _d154412 |
||